Hydrology in practice

The book is essentially practical, emphasizing the application of hydrological knowledge to the solution of engineering problems. The book culminates in a selection of civil engineering spheres of operation requiring hydrological expertise, demonstrating some of the established methods and some of t...

全面介绍

Đã lưu trong:
书目详细资料
主要作者: Shaw, Elizabeth M.
格式: 图书
语言:Undetermined
出版: London Chapman and Hall 1998
主题:
标签: 添加标签
没有标签, 成为第一个标记此记录!
Thư viện lưu trữ: Trung tâm Học liệu Trường Đại học Cần Thơ
LEADER 00842nam a2200193Ia 4500
001 CTU_33293
008 210402s9999 xx 000 0 und d
082 |a 628.1 
082 |b S534 
100 |a Shaw, Elizabeth M. 
245 0 |a Hydrology in practice 
245 0 |c Elizabeth M Shaw 
260 |a London 
260 |b Chapman and Hall 
260 |c 1998 
520 |a The book is essentially practical, emphasizing the application of hydrological knowledge to the solution of engineering problems. The book culminates in a selection of civil engineering spheres of operation requiring hydrological expertise, demonstrating some of the established methods and some of the new techniques applied in current practice 
650 |a Water supply engineering 
904 |i Minh, 991008 
980 |a Trung tâm Học liệu Trường Đại học Cần Thơ